000 00507pam a2200169 a 4500
020 _a0443061505
_c
041 _h
082 _a618.2
_bSEI/CHA
100 _aSWIET, M .D.,CHAMBERLAIN G.,BENNETT P.
245 _aBASIC SCIENCE IN OBSTETRICS & GYNAECOLOGY : A TEXT BOOK FOR MRCOG PART-I
_hTextual Documents
250 _a3ED /
_b.
260 _aNULL :
_bCHURCHILL LIV ,
_c2006.
300 _a350 :
_bXIII ;
_cA4 .
700 _aCHAMBERLAIN, G .
_aBENNETT, P .
930 _a2885
999 _c797420
_d797420
650 _aOBST.GYNE